000 00593nam a2200241Ia 4500
003 OSt
005 20220924150816.0
006 a|||||r|||| 00| 0
007 ta
008 220923b |||||||| |||| 00| 0 tel d
020 _c80.00
024 _a334741
037 _cTextual
040 _aARTS
_cARTS
_btel
041 _2tel
_atel
082 _a035,3x, N8
100 _aRambabu Vedagiri Co.
_9222977
245 0 _aVeeraji kathalu
260 _c1998
650 _aTELUGU FICTION
942 _h035,3x, N8
_cTEXL
_2CC
999 _c464590
_d464590